Politics in India since independence (XII)/ (Record no. 11964)

MARC details
000 -LEADER
fixed length control field 00654nam a22002177a 4500
005 - DATE AND TIME OF LATEST TRANSACTION
control field 20240919094431.0
008 - FIXED-LENGTH DATA ELEMENTS--GENERAL INFORMATION
fixed length control field 240919b |||||||| |||| 00| 0 eng d
020 ## - INTERNATIONAL STANDARD BOOK NUMBER
International Standard Book Number 9788191069020
040 ## - CATALOGING SOURCE
Original cataloging agency IN-DiNC
Transcribing agency IN-DiNC
041 ## - LANGUAGE CODE
Language code of sung or spoken text English
082 ## - DEWEY DECIMAL CLASSIFICATION NUMBER
Classification number 320.954
Item number PAU
100 ## - MAIN ENTRY--PERSONAL NAME
Personal name Paul, Kripesh Chandra
Relator term Author
245 ## - TITLE STATEMENT
Title Politics in India since independence (XII)/
Statement of responsibility, etc. by Kripesh Chandra Paul, Nita Paul and Shubhrajeet Konwer
250 ## - EDITION STATEMENT
Edition statement 16th ed.
260 ## - PUBLICATION, DISTRIBUTION, ETC.
Place of publication, distribution, etc. Guwahati:
Name of publisher, distributor, etc. Arun prakashan,
Date of publication, distribution, etc. 2024.
300 ## - PHYSICAL DESCRIPTION
Extent 200p.
650 ## - SUBJECT ADDED ENTRY--TOPICAL TERM
Topical term or geographic name entry element Political science (XII)
700 ## - ADDED ENTRY--PERSONAL NAME
Personal name Paul, Nita
Relator term Author
700 ## - ADDED ENTRY--PERSONAL NAME
Personal name Konwer, Shubhrajeet
Relator term Author
942 ## - ADDED ENTRY ELEMENTS (KOHA)
Source of classification or shelving scheme Dewey Decimal Classification
Koha item type Books
Holdings
Withdrawn status Lost status Source of classification or shelving scheme Damaged status Not for loan Collection code Home library Current library Shelving location Date acquired Cost, normal purchase price Total Checkouts Full call number Barcode Date last seen Date last checked out Copy number Price effective from Koha item type Date due
    Dewey Decimal Classification     Political Science Naharkatiya College Library Naharkatiya College Library General Stacks 19/09/2024 330.00 4 320.954 PAU 30331 20/04/2026 20/04/2026 1 19/09/2024 Books  
    Dewey Decimal Classification     Political Science Naharkatiya College Library Naharkatiya College Library General Stacks 19/09/2024 330.00 4 320.954 PAU 30332 13/05/2025 13/05/2025 2 19/09/2024 Books 30/05/2025

Naharkatiya College © 2020. All rights reserved.

Powered By